| Indices | Ville | % Correct |
|---|---|---|
| Tour Eiffel • Seine • Champs Elysées | Paris | 100%
|
| Airbus • Le Capitole • La Garonne | Toulouse | 97%
|
| Parlement européen • Petite France • Choucroute | Strasbourg | 96%
|
| Grande Braderie • Flandres • Moules-frites | Lille | 95%
|
| Vieux-Port • Bouillabaisse • Football | Marseille | 95%
|
| Carnaval • Promenade des Anglais • Baie des Anges | Nice | 95%
|
| Roi Soleil • Le Nôtre • Galerie des Glaces | Versailles | 90%
|
| Arènes • Maison Carrée • Jean Denims | Nîmes | 89%
|
| Gastronomie • Guignol • Les Traboules | Lyon | 88%
|
| Surf • Pays Basque • Rocher de la Vierge | Biarritz | 85%
|
| Château des Ducs • Canaris • Loire | Nantes | 78%
|
| Théâtre • Remparts • Palais des Papes | Avignon | 75%
|
| Volcans • Michelin • Place de Jaude | Clermont-Ferrand | 72%
|
| Place de la Comédie • Faculté de médecine • Le Peyrou | Montpellier | 65%
|
| Catalogne • Le Castillet • Sang et Or | Perpignan | 63%
|
| Mont-Blanc • Alpinisme • Mer de Glace | Chamonix | 60%
|
| Vallée du Rhône • Porte de la Provence • Nougat | Montélimar | 60%
|
| Remparts • Surcouf • Grandes marées | Saint-Malo | 50%
|
| Joutes • Georges Brassens • Port de pêche | Sète | 46%
|
| Magasins d'usine • Champagne • Andouillette | Troyes | 41%
|